00336nam a2200133Ia 4500003000400000008004100004082001700045100002100062245004700083250000800130260004800138300000800186650000800194OSt191201s2010 xx 000 0 und d a343.595bJAE aJAIN, Khushpat S 0aExport Import Procedures and Documentation a7th aNew DelhibHimalaya Publication Housec2010 a278 aBBA